000 00622nam a22002177a 4500
003 BUBTL
008 171121b xxu||||| |||| 00| 0 eng d
020 _a0-618-35459-x
082 _a658
_bGRM
100 _980
_aGriffin, Ricky W.
245 _aManagement
_cGriffin, Ricky W.
250 _a8th
260 _aNew York
_bHoughton Mifflin Company
_c2005
300 _a[xxxi] , 808p . :
_bill , Table , Graph ; 24cm .
_cManagement .
500 _aIncludes Index .
650 0 _939
_aManagement
700 _980
_aGriffin, Ricky W.
856 _k0
_l0
_yDownload
942 _2ddc
_cBK
999 _c5556
_d5556